Le comte de Luxembourg (Record no. 114657)

MARC details
000 -LEADER
campo de control de longitud fija 00919nam a2200253 i 4500
001 - NÚMERO DE CONTROL
campo de control 114657
003 - IDENTIFICADOR DE NÚMERO DE CONTROL
campo de control ES-MaACL
005 - FECHA Y HORA DE LA ÚLTIMA TRANSACCIÓN
campo de control 20230906190222.0
007 - CAMPO FIJO DE DESCRIPCIÓN FÍSICA--INFORMACIÓN GENERAL
campo de control de longitud fija t|
008 - DATOS DE LONGITUD FIJA--INFORMACIÓN GENERAL
campo de control de longitud fija 070319s1912 fr ||||1| fre d
080 ## - NÚMERO DE LA CLASIFICACIÓN DECIMAL UNIVERSAL
Número de la Clasificación Decimal Universal 782.8
100 1# - ENTRADA PRINCIPAL--NOMBRE DE PERSONA
Nombre de persona Wilner, Alfred Maria.
9 (RLIN) 117005
245 13 - MENCIÓN DEL TÍTULO
Título Le comte de Luxembourg
Resto del título : opérette en 3 actes /
Mención de responsabilidad, etc. livret de A. M. Willner et R. Bodansky ; adaptation française de R. de Flers et G.-A. de Caillavet ; textes chantés de M.Jean Benedict ; musique de Franz Lehar.
260 ## - PUBLICACIÓN, DISTRIBUCIÓN, ETC.
Lugar de publicación, distribución, etc. Paris :
Nombre del editor, distribuidor, etc. Max Eschig,
Fecha de publicación, distribución, etc. [1912]
300 ## - DESCRIPCIÓN FÍSICA
Extensión 157 p. ;
Dimensiones 19 cm.
500 ## - NOTA GENERAL
Nota general Biblioteca Jacinto Martínez Lacalle.
650 14 - PUNTO DE ACCESO ADICIONAL DE MATERIA--TÉRMINO DE MATERIA
Término de materia o nombre geográfico como elemento de entrada Operetas.
9 (RLIN) 15719
700 1# - ENTRADA AGREGADA--NOMBRE PERSONAL
Nombre de persona Bodansky, Robert.
9 (RLIN) 29685
700 1# - ENTRADA AGREGADA--NOMBRE PERSONAL
Nombre de persona Flers, Robert de.
9 (RLIN) 51180
700 1# - ENTRADA AGREGADA--NOMBRE PERSONAL
Nombre de persona Caillavet, Gaston-Arman de.
9 (RLIN) 139185
700 1# - ENTRADA AGREGADA--NOMBRE PERSONAL
Nombre de persona Bénédict, Jean.
9 (RLIN) 27500
700 0# - ENTRADA AGREGADA--NOMBRE PERSONAL
Nombre de persona Lehár, Franz.
9 (RLIN) 71322
852 ## - LOCALIZACIÓN
Ubicación ES-MaACL
Número de control de estantería E-11643
Sublocalización o colección R.139676
Holdings
Estatus retirado Estado de pérdida Estado de daño No para préstamo Biblioteca de origen Biblioteca actual Ubicación en estantería Fecha de adquisición Fuente de adquisición Total de préstamos Signatura topográfica completa Código de barras Visto por última vez Precio de reemplazo Tipo de ítem Koha
        Biblioteca del Ateneo de Madrid Biblioteca del Ateneo de Madrid Depósito 2 17/01/2008     E-11643 1119568 23/02/2023 23/02/2023 Libro impreso